000 00333nam a22001457a 4500
008 210531b ||||| |||| 00| 0 eng d
020 _a9780933833258
041 _aeng
080 _a82
082 _a82
100 _a21
101 _aGJL
245 _aBeacham's Guide to Literature for Young Adults
_cBeetz,K.H
942 _2udc
_cBK
999 _c57823
_d57823